00392 2200157 4500001002100000008004100021035002000062245003900082100002000121250000600141260003900147084001400186082000800200650001400208990001200222INLIS000000000001568 ind  a0010-0125000066 aJendela IPTEK BumicEka Purjiyanta aPurjiyanta, Eka a1 aJakarta :bPT. Balai Pustakac2011 a550 EKA j a550 aNon Fiksi a0714451